000 00255nam a22001217a 4500
020 _a81-7862-561-X
082 _a001
_bSTE/I
245 _aTHE RESPIRATORY SYSTEM
260 _aDELHI
_bSTERLING PRESS
300 _a31
650 _aGK
_zNEW DELHI
942 _cBK
999 _c6253
_d6253